Zmije a vlk /
Úvodní díl napínavé fantasy ságy, která kombinuje politické intriky a romantické pletky mezi nepřáteli.
Uloženo v:
| Série: | Temné dědictví (R. Robinson),
část 1 |
|---|---|
| Hlavní autor: | |
| Další autoři: | |
| Médium: | Kniha |
| Jazyk: | Czech |
| Vydáno: |
V Brně :
Jota,
2025
|
| Vydání: | První vydání |
| Témata: | |
| Celkem bylo vypůjčeno: | 0x |
| Příbuzné jednotky: | Z cyklu::
Temné dědictví (R. Robinson) |
| Tagy: |
Žádné tagy |
| LEADER | 02885nam a2200505 i 4500 | ||
|---|---|---|---|
| 001 | 106717 | ||
| 003 | CZ PrSKC | ||
| 005 | 20260701150112.0 | ||
| 007 | ta | ||
| 008 | 250724s2025 xr d 000 f cze | ||
| 015 | |a cnb003697173 | ||
| 020 | |a 9788076896420 |q (brožováno) | ||
| 040 | |a OLA001 |b cze |e rda | ||
| 041 | 1 | |a cze |h eng | |
| 072 | 7 | |a 821.111(73)-3 |x Americká próza |2 Konspekt |9 25 | |
| 072 | 7 | |a 821-93 |x Literatura pro děti a mládež (beletrie) |2 Konspekt |9 26 | |
| 080 | |a 821.111(73)-31 |2 MRF | ||
| 080 | |a 821-93-053.67 |2 MRF | ||
| 080 | |a 821-93 |2 MRF | ||
| 080 | |a (0:82-312.9) |2 MRF | ||
| 100 | 1 | |a Robinson, Rebecca, |d 1995- |7 xx0334505 |4 aut |9 117560 | |
| 240 | 1 | 0 | |a Serpent and the wolf. |l Česky |
| 245 | 1 | 0 | |a Zmije a vlk / |c Rebecca Robinsonová ; překlad Růžena Svobodová |
| 250 | |a První vydání | ||
| 264 | 1 | |a V Brně : |b Jota, |c 2025 | |
| 300 | |a 359 stran ; |c 21 cm | ||
| 336 | |a text |b txt |2 rdacontent | ||
| 337 | |a bez média |b n |2 rdamedia | ||
| 338 | |a svazek |b nc |2 rdacarrier | ||
| 500 | |a Přeloženo z angličtiny | ||
| 520 | 2 | |a Úvodní díl napínavé fantasy ságy, která kombinuje politické intriky a romantické pletky mezi nepřáteli. |b Celý život se Vaasu snažili vycvičit jako dokonalou zbraň. Poté, co ztratila matku, si je Vaasa jistá, že se blíží i její smrt. Probudila se v ní totiž jakási temná magie, která ji požírá zevnitř. Tomu věří i její mocichtivý bratr, který chce Vaasu využít politicky a zlikvidovat. Jako nejstarší muž rodu ji provdá za Reida z Mirehu, nelítostného cizího vládce, v naději, že její smrt poslouží jako záminka k tomu, aby konečně napadl Reidovu zemi. Jediné, co musí Vaasa udělat, je zemřít. Vaasa však zoufale touží žít. Do svého nedobrovolného manželství vstupuje s plánem uniknout. K jejímu překvapení jí však Reid nabídne dohodu: když mu pomůže udržet si moc, nechá ji svobodně odejít. Výměnou za spolupráci se s ní také podělí o znalosti magie, kterými učené ženy v jeho zemi disponují. Mezi Vaasou a Reidem to však začne jiskřit... Nakladatelská anotace. Kráceno. | |
| 655 | 7 | |a americké romány |7 fd131796 |2 czenas |9 53403 | |
| 655 | 7 | |a fantasy romány |7 fd184199 |2 czenas |9 54250 | |
| 655 | 7 | |a literatura young adult |7 fd1185572 |2 czenas |9 114939 | |
| 655 | 7 | |a publikace pro mládež |7 fd133157 |2 czenas |9 110 | |
| 655 | 9 | |a American fiction |2 eczenas | |
| 655 | 9 | |a fantasy novels |2 eczenas | |
| 655 | 9 | |a young adult literature |2 eczenas | |
| 655 | 9 | |a juvenile literature |2 eczenas | |
| 700 | 1 | |a Svobodová, Růžena, |d 1992- |7 xx0276332 |4 trl |9 114132 | |
| 787 | 0 | 8 | |i Z cyklu: |t Temné dědictví (R. Robinson) |g 1 |
| 910 | |a UOG502 | ||
| 942 | |2 ddc |c KN | ||
| 999 | |d 106717 | ||
| 993 | |0 0 |1 421180107445 |2 ddc |4 0 |7 0 |9 100223 |b 0 |c 107445 |d 2026-07-01 |e 0 |f DOSP |h 448.00 |i Koupě |l DOSP |r 2026-07-02 |t 6 |w 2026-07-01 |y KN |z BELETM |n | ||